Global Warming (Record no. 44718)

MARC details
000 -LEADER
fixed length control field 00576nam a2200169 a 4500
008 - FIXED-LENGTH DATA ELEMENTS--GENERAL INFORMATION
fixed length control field 070213s2000 ||||||||||||||||| || u
020 ## - INTERNATIONAL STANDARD BOOK NUMBER
International Standard Book Number 0582381673
050 ## - LIBRARY OF CONGRESS CALL NUMBER
Classification number QC 981.8 Har
100 ## - MAIN ENTRY--PERSONAL NAME
Personal name Harvey, L. D. Danny
245 10 - TITLE STATEMENT
Title Global Warming
246 ## - VARYING FORM OF TITLE
Title proper/short title the hard science
260 ## - PUBLICATION, DISTRIBUTION, ETC.
Place of publication, distribution, etc. London
Name of publisher, distributor, etc. Pearson-Prentice Hall
Date of publication, distribution, etc. 2000
300 ## - PHYSICAL DESCRIPTION
Extent xix, 336p.;ill.
350 ## - PRICE (NR) (BK AM CF MU VM SE) [OBSOLETE]
Price 0.00
650 #0 - SUBJECT ADDED ENTRY--TOPICAL TERM
Topical term or geographic name entry element GLOBAL WARMING
995 ## - RECOMMENDATION 995 [LOCAL, UNIMARC FRANCE]
-- 0.00
-- CBU-MAIN LIBRARY (Kitwe)
-- 1
-- 0.00
-- 1
-- AVAILABLE
-- Feb 13, 2007
-- Main Library Open Access Collection
Holdings
Withdrawn status Lost status Source of classification or shelving scheme Damaged status Not for loan Home library Current library Shelving location Date acquired Total Checkouts Full call number Barcode Date last seen Price effective from Koha item type
          CBU-MAIN LIBRARY, KITWE. CBU-MAIN LIBRARY, KITWE.   11/30/2022   QC 981.8 Har 53041 11/30/2022 11/30/2022 MONOGRAPH